00621nam a2200145Ia 4500008004100000100001500041245018400056245002500240260005900265650001800324650001500342856002600357999001900383952007300402170221s9999 xx 000 0 und d aWendy Chan aExploring the Influence of Social Interaction, Pressure and Trust in a Social Media Environment on Political Participation: The Case of Occupy Central in 2014 Wendy Chan Wing Lam  cWendy Chan, Wing Lam bOnline Journal of Communication and Media Technologies xCommunication xMedia Arts uhttp://www.ojcmt.net/ c312727d312727 001040aCLbCLd2017-02-21l0r2017-02-21 00:00:00w2017-02-21yFOJ